| 000 | 01938nam a2200469 a 4500 | ||
|---|---|---|---|
| 999 |
_c135412 _d135412 |
||
| 003 | BLK | ||
| 005 | 20250218102902.0 | ||
| 008 | 180409b bul|||||r ||||||| ||bul|| | ||
| 010 | _aKNG00141338000 | ||
| 040 | _aBLK | ||
| 041 |
_aBUL _cBUL |
||
| 080 |
_aИстория на живописта. Художествени стилове и влияния _b75.03 _x(4-15) _z75.03(4-15) |
||
| 100 | 1 |
_aКовачевски, Христо Иванов _eпърви автор _9324802 |
|
| 139 |
_aКовачевски, Христо Иванов _bК 72 |
||
| 245 | 1 | 0 |
_aСветът на картината _cХристо Иванов Ковачевски. |
| 250 | _a2. изд. | ||
| 257 | _aBGR | ||
| 260 |
_bБълг. художник _c1984 _aСофия |
||
| 300 |
_a200 с. _b28 л. репрод. _c20 см |
||
| 380 | _a7 | ||
| 490 |
_aНаучнопопулярна серия Изкуството и ние _9204757 |
||
| 500 | _a1. изд. 1971. - 8 120 тир. - Библиогр. с. 191-193 ; Именен показалец. | ||
| 650 | 4 |
_aИзкуство, западноевропейско _9287856 |
|
| 650 | 4 |
_aЖивопис, западноевропейска - история _9314117 |
|
| 651 | 0 |
_aЗападна Европа _9243454 |
|
| 653 | _aизобразително изкуство | ||
| 653 | _aевропейска живопис | ||
| 653 | _aхудожници | ||
| 653 | _aмеценати | ||
| 653 | _aизкуствоведи | ||
| 653 | _aколекционери | ||
| 653 | _aмузейни сбирки | ||
| 653 | 7 |
_aмузеи _9191489 |
|
| 653 | 7 |
_aфалшификатори _9199180 |
|
| 852 | _aЦб 126976 | ||
| 856 | 4 |
_qpdf _i0.00 _ldisable |
|
| 856 | 4 |
_qpdf _i0.00 _ldisable |
|
| 942 |
_cKNG _n0 _s1 |
||
| 944 |
_aCR _c22.03.2013 _lГеновева Генчева _k30560 |
||
| 944 |
_aED _c2023-04-21 _kир |
||
| 999 | _d135412 | ||